Environmental economics in theory and practise
Αποθηκεύτηκε σε:
| Κύριος συγγραφέας: | |
|---|---|
| Άλλοι συγγραφείς: | , |
| Μορφή: | Βιβλίο |
| Γλώσσα: | English |
| Δημοσίευση: |
New Yorl :
Palgrave Macmillan,
c2002
|
| Θέματα: | |
| Ετικέτες: |
Προσθήκη ετικέτας
Δεν υπάρχουν, Καταχωρήστε ετικέτα πρώτοι!
|
MARC
| LEADER | 00000nam a2200000 i 4500 | ||
|---|---|---|---|
| 001 | 1/57756 | ||
| 008 | 040621s2002 eng d | ||
| 020 | |a 0-333-58236-5 | ||
| 035 | |l 10073827 | ||
| 040 | |a GR-MY-UA |b gre |e aacr | ||
| 041 | 0 | |a eng | |
| 082 | 0 | |a 333.7 |2 (21) | |
| 100 | 1 | |a Hanley, Nick. | |
| 245 | 1 | 0 | |a Environmental economics in theory and practise / |c Nick Hanley, Jason F. Shogren, Ben White |
| 260 | |a New Yorl : |b Palgrave Macmillan, |c c2002 | ||
| 300 | |a xv, 464 σ.; |c 24 εκ. | ||
| 650 | 0 | 0 | |a Environmental economics. |
| 700 | 1 | |a Shogren, Jason F. | |
| 700 | 1 | |a White, Ben |q (Benedict) | |
| 852 | |a INST |b LESVOS |e 20040621 |h 333.7 HAN |p 005100030646 |q 005100030646 |t BK |y 0 | ||
| 901 | |a BIBL1-2004-2 | ||
| 909 | |a Λ |b 112070 | ||
| 922 | |a 1ΕΛΗ |b 200406 |c ΤΑΚ/ΤΚΑ |d ΠΑΠΑΣΩΤΗΡΙΟΥ | ||
| 950 | |a 107-2004-03-16 | ||
| 970 | |a ΤΖΑΦΕΡΗ |b ΕΥΑΓΓΕΛΙΑ |z 2004/06/22 | ||